Мужчина и женщина: пер. с англ.; Эрих Фромм: страницы документальной биографии; Мужчина и женщина; Здоровое общество; Эрих Фромм: страницы документальной биографии

Dettagli Bibliografici
Autore principale: Фромм Э. Эрих
Riassunto:В книгу вошли работы Э. Фромма, посвященные его видению идеала человеческого общежития. Описывая здоровое общество с предельным тщанием, автор критикует современное общественное устройство, которое, по его мнению, не позволяет человеку обрести душевное равновесие, раскрыть свой потенциал. В издании приведена биография Э. Фромма, написанная президентом Всемирного общества памяти Э. Фромма Райнером Функом. Исследование знакомит с основными вехами жизненного пути и творческой эволюции философа. Книга адресована широкому кругу читателей.
Lingua:russo
Pubblicazione: Москва, АСТ, 1998
TOC:Р. Функ, Эрих Фромм: страницы документальной биографии;
Мужчина и женщина;
Здоровое общество;
авт. послесл. П. С. Гуревич, Эрих Фромм: страницы документальной биографии;
Serie:Классики зарубежной психологии
Soggetti:
Natura: MixedMaterials Libro
KOHA link:https://koha.lib.tpu.ru/cgi-bin/koha/opac-detail.pl?biblionumber=12150

MARC

LEADER 00000nam0a2200000 4500
001 12150
005 20231101204819.0
010 |a 5237000606 
035 |a (RuTPU)RU\TPU\book\12226 
035 |a BOOK00012292 
090 |a 12150 
100 |a 20011209d1998 km y0rusy50 ca 
101 1 |a rus  |c eng 
102 |a RU 
105 |a y z 000zb 
200 1 |a Мужчина и женщина  |e пер. с англ.  |f Э. Фромм 
210 |a Москва  |c АСТ  |d 1998 
215 |a 512 с. 
225 1 |a Классики зарубежной психологии 
320 |a Примечания: с. 468-505 
320 |a Указатель имен: с. 506-509 
330 |a В книгу вошли работы Э. Фромма, посвященные его видению идеала человеческого общежития. Описывая здоровое общество с предельным тщанием, автор критикует современное общественное устройство, которое, по его мнению, не позволяет человеку обрести душевное равновесие, раскрыть свой потенциал. В издании приведена биография Э. Фромма, написанная президентом Всемирного общества памяти Э. Фромма Райнером Функом. Исследование знакомит с основными вехами жизненного пути и творческой эволюции философа. Книга адресована широкому кругу читателей. 
464 |t Эрих Фромм: страницы документальной биографии  |f Р. Функ 
464 |t Мужчина и женщина 
464 |t Здоровое общество 
464 |t Эрих Фромм: страницы документальной биографии  |f авт. послесл. П. С. Гуревич 
600 1 |a Фромм  |g Эрих  |b Э.  |c немецко-американский философ  |c психолог  |c социолог  |f 1900-1980  |2 stltpui  |3 (RuTPU)RU\TPU\pers\515 
606 1 |a Психология пола  |2 stltpush  |3 (RuTPU)RU\TPU\subj\53138  |9 71488 
610 1 |a психология 
610 1 |a психоанализ 
610 1 |a личность 
610 1 |a пол 
610 1 |a мужчины 
610 1 |a женщины 
686 |a Ю932  |v LBC/SL-A  |2 rubbk 
686 |a Ю937.3  |v LBC/SL-A  |2 rubbk 
700 1 |a Фромм  |b Э.  |c немецко-американский философ  |c психолог  |c социолог  |f 1900-1980  |g Эрих  |2 stltpush  |3 (RuTPU)RU\TPU\pers\515  |9 246 
801 0 |a RU  |b 63413507  |c 20011209  |g PSBO 
801 2 |a RU  |b 63413507  |c 20170209  |g PSBO 
942 |c BK